Crítica de la civilización nuclear (Record no. 8828)
[ view plain ]
| 000 -LEADER | |
|---|---|
| campo de control de longitud fija | 00718nam a2200241 i 4500 |
| 001 - NÚMERO DE CONTROL | |
| campo de control | 8828 |
| 003 - IDENTIFICADOR DE NÚMERO DE CONTROL | |
| campo de control | ES-MaACL |
| 005 - FECHA Y HORA DE LA ÚLTIMA TRANSACCIÓN | |
| campo de control | 20240201133415.0 |
| 007 - CAMPO FIJO DE DESCRIPCIÓN FÍSICA--INFORMACIÓN GENERAL | |
| campo de control de longitud fija | t| |
| 008 - DATOS DE LONGITUD FIJA--INFORMACIÓN GENERAL | |
| campo de control de longitud fija | 921002s1991 sp |||| | spa d |
| 020 ## - NÚMERO INTERNACIONAL ESTÁNDAR DEL LIBRO | |
| Número Internacional Estándar del Libro | 84-87095-809-35-6 |
| 080 ## - NÚMERO DE LA CLASIFICACIÓN DECIMAL UNIVERSAL | |
| Número de la Clasificación Decimal Universal | 930.85"1950/..." |
| 100 1# - ENTRADA PRINCIPAL--NOMBRE DE PERSONA | |
| Nombre de persona | París, Carlos, |
| Fechas asociadas al nombre | 1925-2014 |
| 9 (RLIN) | 89133 |
| 245 10 - MENCIÓN DEL TÍTULO | |
| Título | Crítica de la civilización nuclear |
| Resto del título | : tecnología y violencia / |
| Mención de responsabilidad, etc. | Carlos París. |
| 260 ## - PUBLICACIÓN, DISTRIBUCIÓN, ETC. | |
| Lugar de publicación, distribución, etc. | Madrid : |
| Nombre del editor, distribuidor, etc. | Libertarias/Prodhufi, |
| Fecha de publicación, distribución, etc. | [1991] |
| 300 ## - DESCRIPCIÓN FÍSICA | |
| Extensión | XXX, 351 p. ; |
| Dimensiones | 20 cm. |
| 490 1# - MENCIÓN DE SERIE | |
| Mención de serie | Universidad ; |
| Designación de volumen o secuencia | 4 |
| 650 ## - PUNTO DE ACCESO ADICIONAL DE MATERIA--TÉRMINO DE MATERIA | |
| Término de materia o nombre geográfico como elemento de entrada | Civilización- |
| Subdivisión cronológica | 1945- |
| 9 (RLIN) | 160060 |
| 830 0# - PUNTO DE ACCESO ADICIONAL DE SERIE-TÍTULO UNIFORME | |
| Título uniforme | Universidad ; |
| Designación de volumen o secuencia | 4 |
| 9 (RLIN) | 178301 |
| 852 ## - LOCALIZACIÓN | |
| Ubicación | ES-MaACL |
| Número de control de estantería | L-16219 |
| 942 ## - ELEMENTOS DE ENTRADA SECUNDARIOS (KOHA) | |
| Fuente del sistema de clasificación o colocación | Clasificación decimal universal |
| Estatus retirado | Estado de pérdida | Estado de daño | No para préstamo | Biblioteca de origen | Biblioteca actual | Ubicación en estantería | Fecha de adquisición | Fuente de adquisición | Total de préstamos | Signatura topográfica completa | Código de barras | Visto por última vez | Precio de reemplazo | Tipo de ítem Koha |
|---|---|---|---|---|---|---|---|---|---|---|---|---|---|---|
| Biblioteca del Ateneo de Madrid | Biblioteca del Ateneo de Madrid | Depósito 2 | 17/01/2008 | L-16219 | 1009015 | 23/02/2023 | 23/02/2023 | Libro impreso |
